00220nam a2200097Ia 4500008004100000100001800041245002900059260001700088260000900105300000800114170620s9999 xx 000 0 und d aUlich- Robert 4aThe Education of Nations bSurjeet Pub. c2006 a325